On Rare and Scattered Metals (Record no. 511280)

000 -LEADER
fixed length control field 00292nam a22001097a 4500
082 ## - DEWEY DECIMAL CLASSIFICATION NUMBER
Classification number Y211x47 V59
100 ## - MAIN ENTRY--PERSONAL NAME
Personal name Venetsky, S.
9 (RLIN) 10679
245 ## - TITLE STATEMENT
Title On Rare and Scattered Metals
Remainder of title Tales about metals
260 ## - PUBLICATION, DISTRIBUTION, ETC. (IMPRINT)
Place of publication, distribution, etc Moscow
Name of publisher, distributor, etc Mir Publications
Date of publication, distribution, etc 1983
300 ## - PHYSICAL DESCRIPTION
Extent 152p.
650 ## - SUBJECT ADDED ENTRY--TOPICAL TERM
Topical term or geographic name as entry element Most Frequent
9 (RLIN) 10935
Holdings
Withdrawn status Lost status Source of classification or shelving scheme Damaged status Koha normalized classification for sorting Not for loan Permanent location Current location Date acquired Full call number Barcode Date last seen Price effective from Koha item type
        Y_211X47_V59   Indian Institute of Public Administration Indian Institute of Public Administration 2019-09-16 Y211x47 V59 GR21730 2019-09-16 2019-09-16 GR

Powered by Koha